000
00289nam a2200097Ia 4500
005
20251222114402.0
008
251222s1900||||xx |||||||||||||| ||spa||
082
_a
DVD0192/S66/2006
245
0
_a
Los fundamentos antropológicos de la subsidiariedad y la educación al bien común:
942
_c
DVD
999
_c
1693
_d
1693